Guess the winners of football competitions - Season 2009/10 - Statistics

General Stats
  • This quiz has been taken 13 times
  • The average score is 21 of 40
Answer Stats
Competition Answer % Correct
La Liga Barcelona
100%
Bundesliga Bayern Munich
100%
Premier League Chelsea
100%
Serie A Inter Milan
100%
Ligue 1 Olympique Marseille
100%
World Cup Spain
100%
Scottish Premiership Rangers
90%
Belgian Pro League Anderlecht
80%
Club World Cup Barcelona
80%
Swiss Super League Basel
80%
Africa Cup of Nations Egypt
80%
Champions League Inter Milan
80%
Austrian Football Bundesliga Red Bull Salzburg
80%
Primeira Liga Benfica
70%
Danish Superliga Copenhagen
60%
Serbian SuperLiga Partizan
60%
Czech First League Sparta Prague
60%
Europa League Atlético Madrid
50%
Croatian Football League Dinamo Zagreb
50%
Swedish Allsvenskan Malmo
50%
Norwegian Eliteserien Rosenborg
50%
Russian Premier League Zenit Saint Petersburg
50%
UEFA Super Cup Barcelona
40%
DFB Pokal Bayern Munich
40%
Coppa Italia Inter Milan
40%
Ukrainian Premier League Shakhtar Donetsk
40%
Eredivisie Twente
40%
Spanish Super Cup Barcelona
30%
FA Cup Chelsea
30%
Super League Greece Panathinaikos
30%
Coupe de France Paris Saint-Germain
30%
Community Shield Chelsea
20%
English League Cup Manchester United
20%
Super Lig Bursaspor
10%
Campeonato Brasileiro Série A Fluminense
10%
Copa Libertadores Internacional
10%
Copa del Rey Sevilla
10%
Argentine Primera División Banfield (Apertura)/Argentinos Juniors (Clausura)
0%
French Super Cup Bordeaux
0%
Italian Super Cup Lazio
0%
No matching quizzes found
Score Distribution
Percent of People with Each Score
Percentile by Number Answered
Your Score History
You have not taken this quiz